01054nam a2200193Ia 4500001001100000003001000011008004100021040002500062041001300087100003300100245007700133250001200210260006600222300002700288500020400315501011400519520020400633650002300837L248-15350IT-CnALBA170116s9999||||xx |||||||||||||| ||und|| aIT-CnALBAcIT-CnALBA aITALIANO aGALLERANI P. ALESSANDRO, SJ. 0aGESÙ BUONO, OSSIA, LA CONFIDENZA IN N. S. GESÙ CRISTO. TRATTATELLO.  a10a ed. aARC. MODENA.bIMMAC. CONCEZ. TIP. PONT.c1901 [1° Ed.: n.d.] a178 p. (prefazione: 5) aGESÙ MORTALE. RISORTO. LEGISLATORE. GIUDICE. SACRO CUORE. NEL TABERNACOLO. IN CIELO. TRIBOLAZIONI. MORTE. CONFIDENZA DI P. DE LA COLOMBIERE. DAL CANTICO DEI CANTICI. LEONE XIII: INNO ALLE VERGINI.  aSocietà San Paolo EM - Piazza San Paolo, 14 - 12051 ALBA (CN) (non commercial uses only) ® Copyright 2017 aGESÙ MORTALE. RISORTO. LEGISLATORE. GIUDICE. SACRO CUORE. NEL TABERNACOLO. IN CIELO. TRIBOLAZIONI. MORTE. CONFIDENZA DI P. DE LA COLOMBIERE. DAL CANTICO DEI CANTICI. LEONE XIII: INNO ALLE VERGINI.  aASCETICA E MISTICA